| 000 | 00418nam a2200157Ia 4500 | ||
|---|---|---|---|
| 005 | 20250424120229.0 | ||
| 008 | 250424s9999 xx 000 0 und d | ||
| 022 | _aDT 515.9 .C58/ | ||
| 050 | _aCity pages | ||
| 245 | 0 | _aAbuja | |
| 260 | _aDevelopment Universal Consortia | ||
| 260 | _b2013 | ||
| 260 | _c102 p. : ill. ; 32 cm. | ||
| 300 | _aAbuja (Federal Capital Territory, Nigeria)-- Periodical | ||
| 650 | _aSR | ||
| 999 |
_c38130 _d38130 |
||